| 000 | 00879cam a22002654a 4500 | ||
|---|---|---|---|
| 001 | 4995123 | ||
| 005 | 20171220040420.0 | ||
| 008 | 990312s2000 paua b 001 0 eng c | ||
| 010 | _a 99024992 | ||
| 020 | _a0683306499 | ||
| 040 |
_aDNLM/DLC _cDLC _dDLC |
||
| 041 | _aeng | ||
| 042 | _apcc | ||
| 060 | 1 | 0 |
_aWL 17 _bH153n 2000 |
| 080 | _a611.8 HAI | ||
| 082 | 0 | 0 |
_a611.8 HAI _221 |
| 100 | 1 | _a7 | |
| 101 | _aANA | ||
| 245 | 1 | 0 |
_aNeuroanatomy : _cDuane E. Haines. |
| 504 | _aIncludes bibliographical references (p. 243-245) and index. | ||
| 906 |
_a7 _bcbc _cpccadap _d1 _eocip _f19 _gy-gencatlg |
||
| 942 |
_2ddc _cBK |
||
| 999 |
_c39196 _d39196 |
||